All hurricanes from the 2023 season - Statistics

General Stats
  • This quiz has been taken 9 times
  • The average score is 4 of 7
Answer Stats
Hint Answer % Correct
Category 4 Idalia
86%
Category 5 Lee
86%
Category 4 Franklin
57%
Category 1 Margot
57%
Category 2 Nigel
57%
Category 1 Don
43%
Category 2 Tammy
43%
No matching quizzes found
Score Distribution
Percent of People with Each Score
Percentile by Number Answered
Your Score History
You have not taken this quiz